Statistics for All Modern-Day Countries Ever Controlled by French People

Click here to take the quiz!

General Stats

  • This quiz has been taken 41,665 times
    (39,630 since last reset)
  • The average score is 108 of 120

Answers on the Map

Answers color-coded by a green-red scale on the quiz's map according to % correct below.
 

Answer Stats

Country% Correct
Canada
99%
Mexico
99%
United States
99%
France
98%
United Kingdom
98%
Argentina
97%
Chile
97%
Germany
97%
Ireland
97%
Norway
97%
Portugal
97%
Spain
97%
Sweden
97%
Colombia
96%
Cuba
96%
Egypt
96%
India
96%
Italy
96%
Madagascar
96%
Peru
96%
Poland
96%
Algeria
95%
Austria
95%
Belgium
95%
Brazil
95%
China
95%
Morocco
95%
Netherlands
95%
Panama
95%
Paraguay
95%
Russia
95%
Ukraine
95%
Uruguay
95%
Venezuela
95%
Vietnam
95%
Bolivia
94%
Greece
94%
Latvia
94%
Turkey
94%
Andorra
93%
Belarus
93%
Croatia
93%
Czech Republic
93%
Ecuador
93%
Estonia
93%
Haiti
93%
Hungary
93%
Laos
93%
Lithuania
93%
Monaco
93%
Niger
93%
Philippines
93%
Slovakia
93%
Tunisia
93%
Vatican City
93%
Cambodia
92%
Chad
92%
Dominican Republic
92%
Guyana
92%
Honduras
92%
Libya
92%
Romania
92%
San Marino
92%
Slovenia
92%
Suriname
92%
Switzerland
92%
Syria
92%
Thailand
92%
Albania
91%
Costa Rica
91%
Guatemala
91%
Liechtenstein
91%
Mali
91%
Nicaragua
91%
Sri Lanka
91%
Australia
90%
Bosnia and Herzegovina
90%
El Salvador
90%
Israel
90%
Luxembourg
90%
Serbia
90%
Cyprus
89%
Dominica
89%
Republic of the Congo
89%
Taiwan
89%
Bangladesh
88%
Ivory Coast
88%
Mauritania
88%
Senegal
88%
Central African Republic
87%
Cameroon
86%
Guinea
86%
Kosovo
86%
Lebanon
86%
Togo
86%
North Macedonia
85%
Benin
84%
Jordan
84%
Nigeria
84%
Yemen
84%
Bulgaria
83%
Gabon
83%
Gambia
83%
Kenya
83%
Malta
83%
Burkina Faso
82%
Equatorial Guinea
82%
Seychelles
81%
Djibouti
80%
Mauritius
80%
Moldova
80%
St. Lucia
80%
St Kitts and Nevis
79%
Comoros
78%
St. Vincent and the Grenadines
78%
São Tomé and Principe
77%
Antigua and Barbuda
76%
Grenada
76%
Vanuatu
72%
Trinidad and Tobago
70%

Score Distribution

Percentile by Number Answered

Percent of People with Each Score

Your Score History

You have not taken this quiz since the last reset